<?xml version="1.0" encoding="UTF-8"?>
<collection xmlns="http://www.loc.gov/MARC21/slim">
 <record>
  <leader>03922cam a2200709   4500</leader>
  <controlfield tag="001">1626526443</controlfield>
  <controlfield tag="003">DE-627</controlfield>
  <controlfield tag="005">20240326184156.0</controlfield>
  <controlfield tag="007">tu</controlfield>
  <controlfield tag="008">950805s1981    xxu|||||      00| ||eng c</controlfield>
  <datafield tag="020" ind1=" " ind2=" ">
   <subfield code="a">0300025629</subfield>
   <subfield code="9">0-300-02562-9</subfield>
  </datafield>
  <datafield tag="035" ind1=" " ind2=" ">
   <subfield code="a">(DE-627)1626526443</subfield>
  </datafield>
  <datafield tag="035" ind1=" " ind2=" ">
   <subfield code="a">(DE-576)041265378</subfield>
  </datafield>
  <datafield tag="035" ind1=" " ind2=" ">
   <subfield code="a">(DE-599)BSZ041265378</subfield>
  </datafield>
  <datafield tag="035" ind1=" " ind2=" ">
   <subfield code="a">(OCoLC)7328772</subfield>
  </datafield>
  <datafield tag="035" ind1=" " ind2=" ">
   <subfield code="a">(OCoLC)07328772</subfield>
  </datafield>
  <datafield tag="040" ind1=" " ind2=" ">
   <subfield code="a">DE-627</subfield>
   <subfield code="b">ger</subfield>
   <subfield code="c">DE-627</subfield>
   <subfield code="e">rakwb</subfield>
  </datafield>
  <datafield tag="041" ind1=" " ind2=" ">
   <subfield code="a">eng</subfield>
  </datafield>
  <datafield tag="044" ind1=" " ind2=" ">
   <subfield code="c">XD-US</subfield>
   <subfield code="c">XA-GB</subfield>
  </datafield>
  <datafield tag="050" ind1=" " ind2="0">
   <subfield code="a">BX2615.P3</subfield>
  </datafield>
  <datafield tag="082" ind1="0" ind2=" ">
   <subfield code="a">271/.1/044361</subfield>
  </datafield>
  <datafield tag="084" ind1=" " ind2=" ">
   <subfield code="a">1</subfield>
   <subfield code="2">ssgn</subfield>
  </datafield>
  <datafield tag="084" ind1=" " ind2=" ">
   <subfield code="a">9,10</subfield>
   <subfield code="a">1</subfield>
   <subfield code="2">ssgn</subfield>
  </datafield>
  <datafield tag="084" ind1=" " ind2=" ">
   <subfield code="a">BO 1770</subfield>
   <subfield code="2">rvk</subfield>
   <subfield code="0">(DE-625)rvk/14028:</subfield>
  </datafield>
  <datafield tag="084" ind1=" " ind2=" ">
   <subfield code="a">BO 5755</subfield>
   <subfield code="2">rvk</subfield>
   <subfield code="0">(DE-625)rvk/14623:</subfield>
  </datafield>
  <datafield tag="084" ind1=" " ind2=" ">
   <subfield code="a">NV 5210</subfield>
   <subfield code="2">rvk</subfield>
   <subfield code="0">(DE-625)rvk/131862:</subfield>
  </datafield>
  <datafield tag="084" ind1=" " ind2=" ">
   <subfield code="a">11.54</subfield>
   <subfield code="2">bkl</subfield>
  </datafield>
  <datafield tag="084" ind1=" " ind2=" ">
   <subfield code="a">15.65</subfield>
   <subfield code="2">bkl</subfield>
  </datafield>
  <datafield tag="100" ind1="1" ind2=" ">
   <subfield code="a">Ultee, Maarten</subfield>
   <subfield code="4">aut</subfield>
  </datafield>
  <datafield tag="245" ind1="1" ind2="4">
   <subfield code="a">The Abbey of St. Germain des Prés in the seventeenth century</subfield>
   <subfield code="c">Maarten Ultee</subfield>
  </datafield>
  <datafield tag="264" ind1=" " ind2="1">
   <subfield code="a">New Haven, Conn. [u.a.]</subfield>
   <subfield code="b">Yale Univ. Pr.</subfield>
   <subfield code="c">c 1981</subfield>
  </datafield>
  <datafield tag="300" ind1=" " ind2=" ">
   <subfield code="a">IX, 210, [8] S</subfield>
   <subfield code="b">Ill., graph. Darst</subfield>
  </datafield>
  <datafield tag="336" ind1=" " ind2=" ">
   <subfield code="a">Text</subfield>
   <subfield code="b">txt</subfield>
   <subfield code="2">rdacontent</subfield>
  </datafield>
  <datafield tag="337" ind1=" " ind2=" ">
   <subfield code="a">ohne Hilfsmittel zu benutzen</subfield>
   <subfield code="b">n</subfield>
   <subfield code="2">rdamedia</subfield>
  </datafield>
  <datafield tag="338" ind1=" " ind2=" ">
   <subfield code="a">Band</subfield>
   <subfield code="b">nc</subfield>
   <subfield code="2">rdacarrier</subfield>
  </datafield>
  <datafield tag="500" ind1=" " ind2=" ">
   <subfield code="a">Bibliography: p. 193-204</subfield>
  </datafield>
  <datafield tag="583" ind1="1" ind2=" ">
   <subfield code="a">Archivierung/Langzeitarchivierung gewährleistet</subfield>
   <subfield code="f">SSG</subfield>
   <subfield code="2">pdager</subfield>
   <subfield code="5">DE-21</subfield>
  </datafield>
  <datafield tag="583" ind1="1" ind2=" ">
   <subfield code="a">Archivierung/Langzeitarchivierung gewährleistet</subfield>
   <subfield code="f">SSG</subfield>
   <subfield code="x">XA-DE-BW</subfield>
   <subfield code="2">pdager</subfield>
   <subfield code="5">DE-16</subfield>
  </datafield>
  <datafield tag="610" ind1="2" ind2="7">
   <subfield code="0">(DE-588)25880-5</subfield>
   <subfield code="0">(DE-627)100669190</subfield>
   <subfield code="0">(DE-576)190294728</subfield>
   <subfield code="a">Benediktiner</subfield>
   <subfield code="2">gnd</subfield>
  </datafield>
  <datafield tag="610" ind1="2" ind2="7">
   <subfield code="0">(DE-588)4339678-1</subfield>
   <subfield code="0">(DE-627)152618554</subfield>
   <subfield code="0">(DE-576)211399442</subfield>
   <subfield code="a">Kloster Saint-Germain-des-Prés Paris</subfield>
   <subfield code="2">gnd</subfield>
  </datafield>
  <datafield tag="650" ind1="0" ind2="7">
   <subfield code="0">(DE-588)4074927-7</subfield>
   <subfield code="0">(DE-627)106087940</subfield>
   <subfield code="0">(DE-576)209195762</subfield>
   <subfield code="a">Mönchtum</subfield>
   <subfield code="2">gnd</subfield>
  </datafield>
  <datafield tag="653" ind1=" " ind2="0">
   <subfield code="a">Saint-Germain-des-Prés (Abbey : Paris, France)</subfield>
  </datafield>
  <datafield tag="653" ind1=" " ind2="0">
   <subfield code="a">Abbeys</subfield>
   <subfield code="a">France</subfield>
   <subfield code="a">Paris</subfield>
   <subfield code="a">History</subfield>
   <subfield code="a">17th century</subfield>
  </datafield>
  <datafield tag="689" ind1="0" ind2="0">
   <subfield code="d">b</subfield>
   <subfield code="0">(DE-588)4339678-1</subfield>
   <subfield code="0">(DE-627)152618554</subfield>
   <subfield code="0">(DE-576)211399442</subfield>
   <subfield code="a">Kloster Saint-Germain-des-Prés Paris</subfield>
   <subfield code="2">gnd</subfield>
  </datafield>
  <datafield tag="689" ind1="0" ind2="1">
   <subfield code="a">z</subfield>
   <subfield code="2">gnd</subfield>
   <subfield code="a">Geschichte 1600-1700</subfield>
  </datafield>
  <datafield tag="689" ind1="0" ind2=" ">
   <subfield code="5">(DE-627)</subfield>
  </datafield>
  <datafield tag="787" ind1="0" ind2="8">
   <subfield code="i">Rezension</subfield>
   <subfield code="a">Neveu, Bruno, 1936 - 2004</subfield>
   <subfield code="t">[Rezension von: Ultee, Maarten, The Abbey of St. Germain des Prés in the seventeenth century]</subfield>
   <subfield code="d">1983</subfield>
   <subfield code="w">(DE-627)642161984</subfield>
  </datafield>
  <datafield tag="787" ind1="0" ind2="8">
   <subfield code="i">Rezensiert in</subfield>
   <subfield code="a">Lackner, Bede K.</subfield>
   <subfield code="t">[Rezension von: Ultée, Maarten, The Abbey of St. Germain des Prés in the Seventeenth Century]</subfield>
   <subfield code="d">1984</subfield>
   <subfield code="w">(DE-627)1784337935</subfield>
  </datafield>
  <datafield tag="787" ind1="0" ind2="8">
   <subfield code="i">Rezensiert in</subfield>
   <subfield code="a">Neveu, Bruno, 1936 - 2004</subfield>
   <subfield code="t">[Rezension von: Maarten Ultee, The abbey of St. Germain des Prés in the seventeenth century]</subfield>
   <subfield code="d">München : Artemis Verlag, 1983</subfield>
   <subfield code="w">(DE-627)1580777635</subfield>
   <subfield code="w">(DE-576)510777635</subfield>
  </datafield>
  <datafield tag="889" ind1=" " ind2=" ">
   <subfield code="w">(DE-627)040362159</subfield>
  </datafield>
  <datafield tag="935" ind1=" " ind2=" ">
   <subfield code="a">mteo</subfield>
  </datafield>
  <datafield tag="935" ind1=" " ind2=" ">
   <subfield code="i">mdedup</subfield>
  </datafield>
  <datafield tag="936" ind1="r" ind2="v">
   <subfield code="a">BO 1770</subfield>
   <subfield code="b">Einzelne Klöster (CSN des Namens)</subfield>
   <subfield code="k">Theologie und Religionswissenschaften</subfield>
   <subfield code="k">Patrologie und Kirchengeschichte</subfield>
   <subfield code="k">Kirchengeschichte nach Sachgebieten</subfield>
   <subfield code="k">Ordensgeschichte</subfield>
   <subfield code="k">Darstellungen:</subfield>
   <subfield code="k">Einzelne Klöster (CSN des Namens)</subfield>
   <subfield code="0">(DE-627)1270658832</subfield>
   <subfield code="0">(DE-625)rvk/14028:</subfield>
   <subfield code="0">(DE-576)200658832</subfield>
  </datafield>
  <datafield tag="936" ind1="r" ind2="v">
   <subfield code="a">BO 5755</subfield>
   <subfield code="b">Kongregationen (CSN des Namens)</subfield>
   <subfield code="k">Theologie und Religionswissenschaften</subfield>
   <subfield code="k">Patrologie und Kirchengeschichte</subfield>
   <subfield code="k">Kirchengeschichte nach Perioden</subfield>
   <subfield code="k">Vom Westfälischen Frieden bis zur Französischen Revolution (1648-1789)</subfield>
   <subfield code="k">Darstellungen</subfield>
   <subfield code="k">Kirchliche Orden und Gemeinschaften</subfield>
   <subfield code="k">Kongregationen (CSN des Namens)</subfield>
   <subfield code="0">(DE-627)1270748564</subfield>
   <subfield code="0">(DE-625)rvk/14623:</subfield>
   <subfield code="0">(DE-576)200748564</subfield>
  </datafield>
  <datafield tag="936" ind1="r" ind2="v">
   <subfield code="a">NV 5210</subfield>
   <subfield code="b">Benediktiner, Benediktinerinnen</subfield>
   <subfield code="k">Geschichte</subfield>
   <subfield code="k">Religions- und Kirchengeschichte</subfield>
   <subfield code="k">Geschichte der katholischen Kirche</subfield>
   <subfield code="k">Geschichte des Mönchtums und des Klosterwesens</subfield>
   <subfield code="k">Benediktiner, Benediktinerinnen</subfield>
   <subfield code="0">(DE-627)127070222X</subfield>
   <subfield code="0">(DE-625)rvk/131862:</subfield>
   <subfield code="0">(DE-576)20070222X</subfield>
  </datafield>
  <datafield tag="936" ind1="b" ind2="k">
   <subfield code="a">11.54</subfield>
   <subfield code="j">Katholizismus</subfield>
   <subfield code="0">(DE-627)106402668</subfield>
  </datafield>
  <datafield tag="936" ind1="b" ind2="k">
   <subfield code="a">15.65</subfield>
   <subfield code="j">Frankreich</subfield>
   <subfield code="x">Geschichte</subfield>
   <subfield code="0">(DE-627)181571641</subfield>
  </datafield>
  <datafield tag="951" ind1=" " ind2=" ">
   <subfield code="a">BO</subfield>
  </datafield>
  <datafield tag="990" ind1=" " ind2=" ">
   <subfield code="a">Kloster Saint-Germain-des-Prés Paris</subfield>
  </datafield>
  <datafield tag="990" ind1=" " ind2=" ">
   <subfield code="a">Geschichte 1600-1700</subfield>
  </datafield>
  <datafield tag="991" ind1=" " ind2=" ">
   <subfield code="a">Rezensiertes Werk</subfield>
  </datafield>
  <datafield tag="999" ind1=" " ind2=" ">
   <subfield code="a">KXP-PPN1626526443</subfield>
   <subfield code="e">4485909956</subfield>
  </datafield>
 </record>
</collection>
